Sports Quiz

Random Sports or MLB Quiz

Chicago Cubs Opening Day Starting Pitchers Quiz Stats

 Plays Quiz Updated Mar 30, 2018

Score 0/147 Timer 15:00
4 Plays Today
Year Starter % Correct
2015Jon Lester
87.1%
2017Jon Lester
87.1%
2018Jon Lester
86%
2016Jake Arrieta
79.7%
2003Kerry Wood
78.1%
2004Kerry Wood
78.1%
2005Carlos Zambrano
70.7%
2006Carlos Zambrano
70.7%
2007Carlos Zambrano
70.7%
2008Carlos Zambrano
70.7%
2009Carlos Zambrano
70.7%
2010Carlos Zambrano
70.7%
1992Greg Maddux
65.4%
1967Ferguson Jenkins
63.1%
1969Ferguson Jenkins
63.1%
1970Ferguson Jenkins
63.1%
1971Ferguson Jenkins
63.1%
1972Ferguson Jenkins
63.1%
1973Ferguson Jenkins
63.1%
1983Ferguson Jenkins
63.1%
1985Rick Sutcliffe
51.1%
1986Rick Sutcliffe
51.1%
1987Rick Sutcliffe
51.1%
1988Rick Sutcliffe
51.1%
1989Rick Sutcliffe
51.1%
1963Larry Jackson
36%
1964Larry Jackson
36%
1965Larry Jackson
36%
1966Larry Jackson
36%
1991Danny Jackson
36%
2011Ryan Dempster
34.5%
2012Ryan Dempster
34.5%
2000Jon Lieber
28.7%
2001Jon Lieber
28.7%
2002Jon Lieber
28.7%
1978Rick Reuschel
28.4%
1979Rick Reuschel
28.4%
1980Rick Reuschel
28.4%
1981Rick Reuschel
28.4%
2013Jeff Samardzija
24.5%
2014Jeff Samardzija
24.5%
1918Grover Cleveland Alexander
23%
1920Grover Cleveland Alexander
23%
1921Grover Cleveland Alexander
23%
1922Grover Cleveland Alexander
23%
1925Grover Cleveland Alexander
23%
1999Steve Trachsel
20.5%
1927Charlie Root
17.8%
1928Charlie Root
17.8%
Year Starter % Correct
1929Charlie Root
17.8%
1931Charlie Root
17.8%
1932Charlie Root
17.8%
1998Kevin Tapani
17.6%
1939Bill Lee
16.1%
1940Bill Lee
16.1%
1959Bob Anderson
15.6%
1960Bob Anderson
15.6%
1993Mike Morgan
14%
1994Mike Morgan
14%
1997Terry Mulholland
12.3%
1968Joe Niekro
12%
1907Orval Overall
11.8%
1908Orval Overall
11.8%
1909Orval Overall
11.8%
1910Orval Overall
11.8%
1915Hippo Vaughn
11.1%
1917Hippo Vaughn
11.1%
1919Hippo Vaughn
11.1%
1996Jaime Navarro
10.6%
1990Mike Bielecki
10.2%
1876Al Spalding
9.6%
1984Dick Ruthven
9.6%
1901Jack Taylor
9.4%
1902Jack Taylor
9.4%
1903Jack Taylor
9.4%
1976Ray Burris
8.8%
1977Ray Burris
8.8%
1886John Clarkson
8.5%
1887John Clarkson
8.5%
1995Jim Bullinger
8.4%
1974Bill Bonham
8.2%
1975Bill Bonham
8.2%
1933Lon Warneke
7.7%
1934Lon Warneke
7.7%
1935Lon Warneke
7.7%
1936Lon Warneke
7.7%
1953Bob Rush
7.4%
1955Bob Rush
7.4%
1956Bob Rush
7.4%
1957Bob Rush
7.4%
1911Ed Reulbach
7.4%
1941Claude Passeau
7.3%
1942Claude Passeau
7.3%
1946Claude Passeau
7.3%
1895Clark Griffith
7.3%
1897Clark Griffith
7.3%
1898Clark Griffith
7.3%
1899Clark Griffith
7.3%
Year Starter % Correct
1900Clark Griffith
7.3%
1880Larry Corcoran
7%
1881Larry Corcoran
7%
1882Larry Corcoran
7%
1884Larry Corcoran
7%
1885Larry Corcoran
7%
1926Wilbur Cooper
5.8%
1949Dutch Leonard
5.7%
1982Doug Bird
5.7%
1962Don Cardwell
5.4%
1889Bill Hutchinson
5.2%
1890Bill Hutchinson
5.2%
1894Bill Hutchinson
5.2%
1947Hank Borowy
5%
1912King Cole
4.8%
1937Larry French
4.7%
1961Glen Hobbie
4.5%
1878Terry Larkin
4.5%
1879Terry Larkin
4.5%
1943Paul Derringer
4.5%
1945Paul Derringer
4.5%
1905Carl Lundgren
4.4%
1906Carl Lundgren
4.4%
1877George Bradley
4.4%
1952Paul Minner
4.3%
1954Paul Minner
4.3%
1930Sheriff Blake
4.2%
1938Clay Bryant
4.2%
1896Danny Friend
4.2%
1944Hank Wyse
4.2%
1950Johnny Schmitz
4.1%
1948Russ Meyer
4.1%
1883Fred Goldsmith
4.1%
1951Frank Hiller
3.7%
1913Jimmy Lavender
3.7%
1914Larry Cheney
3.6%
1904Jake Weimer
3.6%
1888George Van Haltren
3.5%
1871George Zettlein
3.5%
1874George Zettlein
3.5%
1875George Zettlein
3.5%
1958Jim Brosnan
3.4%
1891Pat Luby
3.3%
1924Vic Aldridge
3.3%
1923Tiny Osborne
3%
1893Willie McGill
3%
1916George McConnell
2.9%
1892Ad Gumbert
2.9%
1870Ed Pinkham
2.9%

You're not logged in!

Compare scores with friends on all Sporcle quizzes.
OR
Log In

You Might Also Like...

Show Comments

Extras

Top Quizzes Today


Score Distribution

Your Account Isn't Verified!

In order to create a playlist on Sporcle, you need to verify the email address you used during registration. Go to your Sporcle Settings to finish the process.

Report this User

Report this user for behavior that violates our Community Guidelines.

Details: